LEADER 01068nam a2200253 i 4500 001 000000064118 003 CaOOAMICUS 005 20100217000000.0 008 100217s1945 it u000 u ita u 013 $a35290 040 $aSeMil$bita 100 1 $aMontalbetti, Enrico .$0(OLS)http://semarc/name/19400 245 10$aReligione e scuola /$cEnrico Montalbetti ; presentazione di don Cojazzi. 260 $aAsti :$bLibreria Dottrina Cristiana,$c1945. 300 $a318 p., [1] c. di ritratto ;$c21 cm. 490 0 $aBiblioteca di catechesi 650 4$aCatechesi.$0(OLS)http://semarc/subject/3693 700 1 $aCojazzi, Antonio,$d<1880-1953>.$0(OLS)http://semarc/name/4173 830 0$aBiblioteca di catechesi.$0(OLS)http://semarc/title/6676 850 $aSeMil 852 $aSeMil$W1$xVenegono$y1$m3F V 659$j30271$B30271$CSeMilBibl$Z2$F30274 $81 961 $aOmaggio: Deposito 996 $6245$aReligione e scuola$9(OLS)http://semarc/title/101406 996 $6260$aAsti :$bLibreria Dottrina Cristiana$9(OLS)http://semarc/publisher/35794 LEADER 01023nas a2200241 i 4500 001 000000204526 003 CaOOAMICUS 005 20120320000000.0 008 110728b2011 it uu u0 0ita r 013 $a183253 040 $aSeMil$bita 245 10$a[2011 :$bn. 148-150]. 260 $aBologna :$bEDB,$c2011. 300 $a32, 32, 32 p. :$bnotazione musicale ;$c30 cm + [1] CD. 773 0 $tMusica e Assemblea.$dBrescia : Queriniana, 1975-2015.$w()2501 774 0 $t[SENZA TITOLO]. - 32 p. + [1] CD. - Numerazione errata del fascicolo.$w()275715 774 0 $t[SENZA TITOLO]. - 32 p. - Numerazione errata del fascicolo.$w()276391 774 0 $t[SENZA TITOLO]. - 32 p. - Numerazione errata del fascicolo.$w()276833 850 $aSeMil 852 $aSeMil$W1$xVenegono$y1$m164 6 28$j155020$B155020$CSeMilBibl$Z2$F173605 $85 961 $aAbbonamento: Centro Editoriale Dehoniano 996 $6245$a[2011 :$bn. 148-150]$9(OLS)http://semarc/title/296330 996 $6260$aBologna :$bEDB$9(OLS)http://semarc/publisher/29669 LEADER 00636nam a2200169 i 4500 001 000000090693 003 CaOOAMICUS 005 20151210000000.0 008 151210s1895 it u000 u ita u 013 $a62935 040 $aSeMil$bita 245 10$aGennaio, febbraio, marzo ed aprile. 300 $aXXIII, 614 p. 773 0 $aPagani, Giambattista <1844-1926>$tScienza dei santi.$b1. ed. italiana.$dCasale : Tipografia Giovanni Pane, 1895.$g1$w()4905 850 $aSeMil 852 $aSeMil$W1$xVenegono$y1$m3H II 58 FA$j53660$B53660$CSeMilBibl$Z2$F58294 $8I 996 $6245$aGennaio, febbraio, marzo ed aprile$9(OLS)http://semarc/title/136697